[Event "US Championship (Women)"]
[Site "St Louis, MO USA"]
[Date "2014.05.08"]
[EventDate "2014.05.08"]
[Round "1.2"]
[Result "1/2-1/2"]
[White "Iryna Zenyuk"]
[Black "Anna Zatonskih"]
[WhiteElo "2352"]
[BlackElo "2526"]
[PlyCount "99"]

1. d4 Nf6 2. c4 e6 3. Nf3 b6 4. a3 Bb7 5. Nc3 d5 6. cxd5 exd5
7. Qa4+ c6 8. Bg5 Be7 9. e3 O-O 10. Bd3 h6 11. Bf4 c5 12. O-O
Nc6 13. Rad1 cxd4 14. Nxd4 Nxd4 15. Qxd4 Bc5 16. Qa4 Re8
17. Ba6 Qc8 18. Bxb7 Qxb7 19. Rd3 g5 20. Bg3 Bf8 21. Qd4 Bg7
22. Be5 Qe7 23. f4 gxf4 24. exf4 Qc5 25. Qxc5 bxc5 26. Nxd5
Nxd5 27. Rxd5 Bxe5 28. fxe5 Rab8 29. Rf2 c4 30. h3 Rb7 31. Rc5
Reb8 32. Rxc4 Rxb2 33. Rxb2 Rxb2 34. Ra4 Rb7 35. Kf2 Kg7
36. Kf3 Rb5 37. Rxa7 Rxe5 38. g4 Re1 39. a4 Rh1 40. Kg3 Ra1
41. h4 Rg1+ 42. Kf3 Rf1+ 43. Kg2 Ra1 44. Ra6 Ra3 45. a5 Ra2+
46. Kf3 Ra1 47. Ra8 Ra4 48. a6 Kh7 49. h5 Kg7 50. Kg3 1/2-1/2

[Event "US Championship (Women)"]
[Site "St Louis, MO USA"]
[Date "2014.05.09"]
[EventDate "2014.05.08"]
[Round "2.2"]
[Result "1-0"]
[White "Anna Zatonskih"]
[Black "Tatev Abrahamyan"]
[WhiteElo "2526"]
[BlackElo "2475"]
[PlyCount "95"]

1. e4 e6 2. d4 d5 3. e5 c5 4. c3 Nc6 5. Nf3 Qb6 6. a3 Bd7
7. b4 cxd4 8. cxd4 Rc8 9. Be3 Nh6 10. Bd3 Ng4 11. O-O Nxe3
12. fxe3 g6 13. Qe1 Bh6 14. Nc3 O-O 15. g4 Ne7 16. Rc1 Bg7
17. g5 a6 18. h4 Rc7 19. Nd2 Rfc8 20. Nb3 Nf5 21. Nc5 Bb5
22. Nxb5 axb5 23. Bxf5 gxf5 24. Nd7 Rxc1 25. Nxb6 Rxe1
26. Rxe1 Rc3 27. Kf2 h6 28. Nd7 hxg5 29. hxg5 Rxa3 30. Nf6+
Bxf6 31. gxf6 Rb3 32. Rg1+ Kf8 33. Rc1 Kg8 34. Rc8+ Kh7
35. Rf8 Kg6 36. Rg8+ Kh6 37. Rg7 Rxb4 38. Rxf7 Rb1 39. Re7 b4
40. Rxe6 Kg6 41. Rb6 b3 42. Ke2 b2 43. Kd2 Rh1 44. Rxb2 Rh2+
45. Kc3 Rh3 46. Rg2+ Kf7 47. Rg7+ Kf8 48. Kd2 1-0

[Event "US Championship (Women)"]
[Site "St Louis, MO USA"]
[Date "2014.05.10"]
[EventDate "2014.05.08"]
[Round "3.1"]
[Result "0-1"]
[White "Sabina-Francesca Foisor"]
[Black "Anna Zatonskih"]
[WhiteElo "2303"]
[BlackElo "2526"]
[PlyCount "90"]

1. d4 Nf6 2. c4 e6 3. Nc3 Bb4 4. Qc2 d5 5. Nf3 c5 6. a3 Bxc3+
7. bxc3 O-O 8. Bg5 Nbd7 9. e3 Qa5 10. cxd5 Nxd5 11. Rc1 h6
12. e4 Qxc3+ 13. Qxc3 Nxc3 14. Rxc3 cxd4 15. Rc7 hxg5 16. Bb5
Rd8 17. Kd2 a6 18. Bxd7 Bxd7 19. Nxg5 f6 20. Nf3 e5 21. Nh4
Rac8 22. Rhc1 Bc6 23. Rxc8 Rxc8 24. Nf5 Kf8 25. f3 Rd8 26. h4
g6 27. Ng3 Kf7 28. Rh1 Rh8 29. h5 Rh6 30. Rh3 gxh5 31. Nxh5
Kg6 32. g4 Kg5 33. Rg3 Be8 34. Ng7 Rh2+ 35. Kc1 Kf4 36. Rg1
Bf7 37. Nf5 Bb3 38. Ng3 d3 39. Nf1 Ra2 40. g5 fxg5 41. Rg4+
Kxf3 42. Rg3+ Ke2 43. Ne3 Be6 44. Kb1 d2 45. a4 Ra3 0-1

[Event "US Championship (Women)"]
[Site "St Louis, MO USA"]
[Date "2014.05.12"]
[EventDate "2014.05.08"]
[Round "4.2"]
[Result "1/2-1/2"]
[White "Anna Zatonskih"]
[Black "Viktorija Ni"]
[WhiteElo "2469"]
[BlackElo "2206"]
[PlyCount "126"]

1. d4 Nf6 2. c4 g6 3. g3 Bg7 4. Bg2 c5 5. d5 O-O 6. e4 d6
7. Ne2 e6 8. O-O exd5 9. cxd5 Re8 10. Nec3 b5 11. e5 Rxe5
12. Nxb5 Bg4 13. f3 Rxd5 14. Qe1 Bd7 15. N1c3 Rd3 16. Qe2 c4
17. Be3 Bxb5 18. Nxb5 Qe8 19. Nc7 Rxe3 20. Qxc4 Qc8 21. Rac1
Nbd7 22. Nxa8 Qxa8 23. Qa6 Bf8 24. Rc7 Qd5 25. Qxa7 Re2
26. Rxd7 Nxd7 27. Qxd7 Rxb2 28. Qa7 Bh6 29. Rf2 Bg7 30. Rxb2
Bd4+ 31. Qxd4 Qxd4+ 32. Rf2 d5 33. f4 Qd1+ 34. Rf1 Qd4+
35. Kh1 Qc4 36. a4 d4 37. a5 Qa4 38. f5 gxf5 39. Rxf5 d3
40. Rf1 d2 41. Bf3 Qxa5 42. Kg2 Qa2 43. Rd1 Qc2 44. Kf2 Qd3
45. Bg2 Kg7 46. h3 h5 47. g4 Qd4+ 48. Ke2 Qe5+ 49. Kf2 Qd4+
50. Ke2 Qc4+ 51. Kf2 hxg4 52. hxg4 Qxg4 53. Rxd2 Qf4+ 54. Ke1
Qe3+ 55. Re2 Qg1+ 56. Bf1 Kf6 57. Rf2+ Ke6 58. Ke2 Qg4+
59. Rf3 Ke5 60. Bh3 Qc4+ 61. Kf2 Ke4 62. Bf5+ Ke5 63. Bh3 f6
1/2-1/2

[Event "US Championship (Women)"]
[Site "St Louis, MO USA"]
[Date "2014.05.13"]
[EventDate "2014.05.08"]
[Round "5.2"]
[Result "0-1"]
[White "Ashritha Eswaran"]
[Black "Anna Zatonskih"]
[WhiteElo "2231"]
[BlackElo "2526"]
[PlyCount "86"]

1. e4 e6 2. d4 d5 3. Nc3 Nf6 4. Bg5 dxe4 5. Nxe4 Be7 6. Nxf6+
Bxf6 7. Bxf6 Qxf6 8. Nf3 O-O 9. Qd2 b6 10. O-O-O Bb7 11. Ne5
Rd8 12. f4 c5 13. Qe3 cxd4 14. Rxd4 Nc6 15. Rxd8+ Rxd8 16. Ba6
Ba8 17. Rg1 Nxe5 18. Qxe5 Qh4 19. Qc7 Bxg2 20. b3 Be4 21. Rg5
Rf8 22. Qe5 Bg6 23. Rg2 Qe7 24. Kb2 f6 25. Qc3 Qd6 26. Bc4 Bf5
27. Qg3 Rf7 28. Qe3 Rd7 29. Re2 Kf7 30. c3 g6 31. h3 Kg7
32. b4 a5 33. Bb5 Rd8 34. bxa5 bxa5 35. h4 Qd1 36. Bc4 a4
37. Bb5 Qb1+ 38. Ka3 Qxb5 39. Rb2 Qd7 40. Qf3 Qd6+ 41. Rb4 e5
42. fxe5 fxe5 43. Qb7+ Rd7 0-1

[Event "US Championship (Women)"]
[Site "St Louis, MO USA"]
[Date "2014.05.14"]
[EventDate "2014.05.08"]
[Round "6.2"]
[Result "1-0"]
[White "Anna Zatonskih"]
[Black "Camilla Baginskaite"]
[WhiteElo "2469"]
[BlackElo "2267"]
[PlyCount "205"]

1. d4 Nf6 2. c4 e6 3. Nf3 d5 4. Nc3 c5 5. e3 Nc6 6. a3 a6
7. dxc5 Bxc5 8. cxd5 exd5 9. b4 Ba7 10. b5 Na5 11. Bd3 O-O
12. O-O Bg4 13. h3 Bh5 14. bxa6 bxa6 15. Ne2 Nc4 16. Bxc4 dxc4
17. Bb2 Qe7 18. Nf4 Bxf3 19. Qxf3 Rad8 20. Rad1 Ne4 21. Bd4
Bxd4 22. exd4 Rfe8 23. Rfe1 Nd2 24. Qe2 Qxe2 25. Rxe2 Rxe2
26. Nxe2 Nb3 27. Kf1 Rd5 28. a4 Kf8 29. f3 Ke7 30. Kf2 f5
31. Ke3 g5 32. f4 h6 33. g4 Kf6 34. fxg5+ hxg5 35. gxf5 Kxf5
36. Nc3 Rd8 37. d5 Ke5 38. Rg1 Rg8 39. Rg4 Rh8 40. Rxg5+ Kf6
41. Ne4+ Kf7 42. Rg3 Rh5 43. Rf3+ Kg7 44. Nc3 Rh4 45. Rg3+ Kf7
46. Ne4 Rh5 47. Rf3+ Kg7 48. d6 Rd5 49. Kf4 Nd4 50. Rf2 c3
51. Nxc3 Rxd6 52. Ke5 Rd8 53. Rg2+ Kh6 54. Rb2 Nc6+ 55. Ke6
Rd3 56. Ne4 Rd4 57. Nc5 Nd8+ 58. Ke7 Nc6+ 59. Ke6 Nd8+ 60. Kf6
Rc4 61. Nd3 Rxa4 62. Rb6 Kh5 63. Rd6 Kh4 64. Rxd8 Kxh3 65. Ke5
Kg3 66. Nc5 Ra1 67. Rf8 Ra5 68. Kd4 Kg4 69. Rg8+ Kf5 70. Kd5
Ra1 71. Rf8+ Kg6 72. Ne4 Kg7 73. Rf4 Rg1 74. Ke5 a5 75. Rf2
Kg6 76. Rb2 Kf7 77. Rb7+ Kg6 78. Rb6+ Kf7 79. Nd6+ Kg6
80. Ne4+ Kf7 81. Ra6 Rh1 82. Nd6+ Ke7 83. Ra7+ Kd8 84. Ke6
Re1+ 85. Kd5 Rd1+ 86. Kc5 Rh1 87. Ne4 Rc1+ 88. Kd6 Rd1+
89. Kc6 Rc1+ 90. Nc5 Ra1 91. Nd3 Rd1 92. Nf4 Rc1+ 93. Kd6 Kc8
94. Nd5 Kb8 95. Rh7 a4 96. Rh4 Ra1 97. Rb4+ Ka7 98. Nc3 Rc1
99. Rxa4+ Kb6 100. Ra3 Kb7 101. Rb3+ Kc8 102. Nd5 Rh1
103. Ne7+ 1-0

[Event "US Championship (Women)"]
[Site "St Louis, MO USA"]
[Date "2014.05.16"]
[EventDate "2014.05.08"]
[Round "7.1"]
[Result "0-1"]
[White "Alisa Melekhina"]
[Black "Anna Zatonskih"]
[WhiteElo "2251"]
[BlackElo "2526"]
[PlyCount "144"]

1. e4 e6 2. d4 d5 3. e5 c5 4. c3 Nc6 5. Nf3 Qb6 6. Bd3 cxd4
7. cxd4 Bd7 8. O-O Nxd4 9. Nbd2 Bc5 10. Nxd4 Bxd4 11. Nf3 Ne7
12. Nxd4 Qxd4 13. Re1 b6 14. Rb1 Rc8 15. Be3 Qh4 16. g3 Qa4
17. b3 Qa3 18. Qe2 Nf5 19. Bxf5 exf5 20. Rbd1 O-O 21. Rxd5 Bc6
22. Rd4 Qe7 23. Bd2 Ba8 24. Rf4 Rc2 25. Qe3 Rd8 26. Bb4 Qe6
27. Rd4 Re8 28. f3 Qc6 29. Rf1 Rxa2 30. Rd6 Qc8 31. Rfd1 h6
32. Qf4 Qc2 33. R6d2 Qxb3 34. Rd8 Bc6 35. e6 Qxe6 36. Rxe8+
Qxe8 37. Re1 Qd7 38. Bc3 Qd5 39. Qb8+ Kh7 40. Qf8 Qc5+
41. Qxc5 bxc5 42. Re5 Rc2 43. Rxc5 Bxf3 44. Bd4 Rxc5 45. Bxc5
a5 46. Kf2 Be4 47. Ke3 a4 48. Kf4 g5+ 49. Ke5 Kg6 50. Be7 Bc2
51. h3 Bb3 52. Kd4 Be6 53. h4 Kh5 54. Ke3 Kg4 55. hxg5 hxg5
56. Bd6 Bd7 57. Kf2 f4 58. gxf4 gxf4 59. Ba3 Bc6 60. Bd6 Kf5
61. Ke2 Ke4 62. Bf8 f3+ 63. Kd2 Bb5 64. Ke1 Kd3 65. Bc5 Kc2
66. Kf2 Bc6 67. Ke3 Kb3 68. Kd2 a3 69. Bd4 a2 70. Bf6 Bd7
71. Be5 Bg4 72. Ke1 Kc2 0-1

[Event "US Championship (Women)"]
[Site "St Louis, MO USA"]
[Date "2014.05.17"]
[EventDate "2014.05.08"]
[Round "8.1"]
[Result "1-0"]
[White "Irina Krush"]
[Black "Anna Zatonskih"]
[WhiteElo "2489"]
[BlackElo "2469"]
[PlyCount "149"]

1. c4 Nf6 2. Nf3 e6 3. g3 d5 4. Bg2 c5 5. O-O Nc6 6. d4 dxc4
7. Qa4 cxd4 8. Nxd4 Qxd4 9. Bxc6+ Bd7 10. Rd1 Bxc6 11. Qxc6+
bxc6 12. Rxd4 Nd5 13. Rxc4 Kd7 14. e4 Nb6 15. Rc2 f5 16. f3
fxe4 17. fxe4 Bd6 18. Be3 Rhc8 19. Nd2 e5 20. Rd1 Ke6 21. Rdc1
Kd7 22. Nb3 Rc7 23. Na5 Rac8 24. Kg2 c5 25. Nb3 Na4 26. Nd2
Nb6 27. Nc4 Nxc4 28. Rxc4 Ke6 29. b3 Kd7 30. Ra4 Ke7 31. Kf3
Rf8+ 32. Ke2 Rb8 33. Ra5 Rbc8 34. Rc4 Ke6 35. Rca4 c4 36. Rxc4
Rxc4 37. bxc4 Rxc4 38. Kd3 Rb4 39. Rxa7 h5 40. Rxg7 Rb2 41. a4
Ra2 42. Rh7 Ra3+ 43. Ke2 Ra2+ 44. Kf3 Ra3 45. Kf2 Ra2+ 46. Kf1
Ra1+ 47. Kg2 Ra2+ 48. Kh3 Rxa4 49. Rh6+ Kd7 50. Rxh5 Rxe4
51. Bg5 Ke6 52. Rh8 Ra4 53. Rh4 Ra2 54. Kg4 Kd5 55. Rh8 Ra4+
56. Kf5 Ra2 57. h4 Rf2+ 58. Kg4 e4 59. Rd8 Ke6 60. Re8+ Kd5
61. h5 Rf3 62. Bh4 Rf7 63. h6 Be5 64. Bg5 Kd4 65. Be3+ Kxe3
66. Rxe5 Kd3 67. Kh5 e3 68. g4 e2 69. g5 Ra7 70. Re8 Ra8
71. Rxe2 Kxe2 72. h7 Kf3 73. g6 Ra5+ 74. Kh6 Kg4 75. h8=Q 1-0

[Event "US Championship (Women)"]
[Site "St Louis, MO USA"]
[Date "2014.05.19"]
[EventDate "2014.05.07"]
[Round "9"]
[Result "1/2-1/2"]
[White "Anna Zatonskih"]
[Black "Katerina Nemcova"]
[WhiteElo "2469"]
[BlackElo "2282"]
[PlyCount "161"]

1. d4 Nf6 2. c4 e6 3. Nc3 Bb4 4. Qc2 O-O 5. a3 Bxc3+ 6. Qxc3
d5 7. Nf3 dxc4 8. Qxc4 b6 9. Bg5 Ba6 10. Qc2 h6 11. Bf4 Nbd7
12. Qc6 Nd5 13. Bg3 N7f6 14. e3 Qc8 15. Rc1 Bxf1 16. Kxf1 Qa6+
17. Qc4 Qb7 18. Qc6 Qa6+ 19. Qc4 Qb7 20. Ke2 Rac8 21. Qc6 Qa6+
22. Qc4 Qb7 23. Qc6 Qa6+ 24. Rc4 Ne4 25. Rhc1 Nd6 26. Qa4 Qb7
27. Rc6 Ne4 28. b4 a6 29. R6c2 c5 30. bxc5 bxc5 31. dxc5 Ndc3+
32. Rxc3 Qb2+ 33. R3c2 Nc3+ 34. Kd2 Qxc1+ 35. Kxc1 Nxa4
36. Bd6 Rfd8 37. e4 f6 38. Nd4 Kf7 39. f4 Nc3 40. e5 Ne4
41. f5 exf5 42. e6+ Kg6 43. e7 Rxd6 44. cxd6 Rxc2+ 45. Nxc2
Nxd6 46. Nb4 a5 47. Nc6 a4 48. Nd8 Ne8 49. Kc2 f4 50. Ne6 Kf5
51. Nc5 g5 52. Kd3 h5 53. h3 h4 54. Nxa4 Ke6 55. Nc3 f5 56. a4
Kxe7 57. Kd4 Ke6 58. Nb5 Nd6 59. Nc7+ Kd7 60. Nd5 Kc6 61. Nb4+
Kd7 62. Ke5 f3 63. gxf3 g4 64. fxg4 fxg4 65. hxg4 h3 66. Nd3
Nc4+ 67. Kf4 h2 68. Nf2 Nb2 69. Kg3 Nxa4 70. Kxh2 Nc5 71. Kg3
Ke6 72. Kh4 Kf6 73. Kh5 Ne6 74. Ne4+ Ke5 75. Nf2 Kf4 76. Nh3+
Kg3 77. Ng1 Ng7+ 78. Kg5 Ne6+ 79. Kf5 Ng7+ 80. Kg6 Kxg4
81. Kxg7 1/2-1/2

[Event "Chess Olympiad (Women)"]
[Site "Tromso NOR"]
[Date "2014.08.03"]
[EventDate "2014.08.02"]
[Round "2.7"]
[Result "0-1"]
[White "Iuliia Morozova"]
[Black "Anna Zatonskih"]
[WhiteElo "2060"]
[BlackElo "2466"]
[PlyCount "66"]

1. d4 d5 2. Nf3 Nf6 3. e3 g6 4. c4 Bg7 5. Nc3 O-O 6. cxd5 Nxd5
7. Bc4 Nb6 8. Bb3 c5 9. O-O cxd4 10. Nxd4 Nc6 11. Nxc6 bxc6
12. Qf3 Qc7 13. e4 Nd7 14. Bf4 Ne5 15. Qg3 Ba6 16. Rfd1 Rfd8
17. Rac1 Qa5 18. Rxd8+ Rxd8 19. h4 Rd3 20. f3 Rd7 21. Nd5
Nxf3+ 22. Qxf3 cxd5 23. Bxd5 e6 24. Qg4 h5 25. Qh3 Bxb2
26. Rb1 Bd4+ 27. Kh2 Kh7 28. Bc6 Rd8 29. Bg5 Be5+ 30. Kh1 Rd3
31. g3 Rxg3 32. Qh2 Qc3 33. Qf2 Rh3+ 0-1

[Event "Chess Olympiad (Women)"]
[Site "Tromso NOR"]
[Date "2014.08.04"]
[EventDate "2014.08.02"]
[Round "3.1"]
[Result "1-0"]
[White "Ju Wenjun"]
[Black "Anna Zatonskih"]
[WhiteElo "2559"]
[BlackElo "2466"]
[PlyCount "75"]

1. d4 d5 2. c4 e6 3. Nc3 Be7 4. Nf3 Nf6 5. Bg5 h6 6. Bh4 O-O
7. e3 Ne4 8. Bxe7 Qxe7 9. Rc1 c6 10. Bd3 Nxc3 11. Rxc3 dxc4
12. Rxc4 Nd7 13. O-O e5 14. Bc2 exd4 15. Rxd4 Nf6 16. e4 c5
17. Rd2 Bg4 18. h3 Bxf3 19. Qxf3 Rad8 20. Rfd1 Rxd2 21. Rxd2
Re8 22. Qf4 b5 23. a4 a6 24. Qd6 Qxd6 25. Rxd6 Nxe4 26. Rxa6
b4 27. Rc6 g6 28. f3 Nd2 29. Kf2 c4 30. a5 b3 31. Bd1 Rd8
32. a6 Kg7 33. Be2 Rd7 34. Ke3 f5 35. Rb6 c3 36. bxc3 f4+
37. Kxf4 Rd5 38. Ke3 1-0

[Event "Chess Olympiad (Women)"]
[Site "Tromso NOR"]
[Date "2014.08.05"]
[EventDate "2014.08.02"]
[Round "4.23"]
[Result "1-0"]
[White "Anna Zatonskih"]
[Black "Olivia Smith"]
[WhiteElo "2466"]
[BlackElo "1968"]
[PlyCount "63"]

1. d4 d5 2. c4 e6 3. Nf3 Nf6 4. g3 Be7 5. Bg2 O-O 6. O-O Nbd7
7. Qc2 Ne4 8. b3 f5 9. Ba3 c6 10. Bxe7 Qxe7 11. Nbd2 Nxd2
12. Qxd2 Qf6 13. Rac1 h6 14. b4 dxc4 15. Rxc4 e5 16. dxe5 Nxe5
17. Nxe5 Qxe5 18. Rc5 Qe7 19. Rfc1 a6 20. a4 Be6 21. b5 axb5
22. axb5 cxb5 23. Rxb5 Rab8 24. Re5 Qd7 25. Qxd7 Bxd7 26. Rc7
Bc6 27. Ree7 Rfe8 28. Rxg7+ Kh8 29. Rh7+ Kg8 30. Bxc6 bxc6
31. Rxh6 Rxe2 32. Rg6+ 1-0

[Event "Chess Olympiad (Women)"]
[Site "Tromso NOR"]
[Date "2014.08.06"]
[EventDate "2014.08.02"]
[Round "5.10"]
[Result "1/2-1/2"]
[White "Anna Zatonskih"]
[Black "Khayala Abdulla"]
[WhiteElo "2466"]
[BlackElo "2286"]
[PlyCount "72"]

1. d4 Nf6 2. c4 e6 3. Nc3 Bb4 4. Qc2 O-O 5. a3 Bxc3+ 6. Qxc3
b5 7. cxb5 c6 8. Bg5 cxb5 9. Nf3 Bb7 10. e3 a6 11. Bd3 h6
12. Bh4 d6 13. O-O Nbd7 14. Rfc1 Qb6 15. Bg3 Be4 16. Be2 Nh5
17. a4 Nxg3 18. hxg3 bxa4 19. Nd2 Bb7 20. Nc4 Qc6 21. Bf3 d5
22. Na5 Qb5 23. Qd2 Rfc8 24. Rxc8+ Bxc8 25. Be2 Qb6 26. Rxa4
Nf6 27. Bd3 Rb8 28. b3 Bd7 29. Ra1 Bb5 30. Bxb5 Qxb5 31. Rc1
Ne4 32. Qe1 Qd3 33. Rd1 Qb5 34. Rc1 Qd3 35. Rd1 Qb5 36. Rc1
Qd3 1/2-1/2

[Event "Chess Olympiad (Women)"]
[Site "Tromso NOR"]
[Date "2014.08.09"]
[EventDate "2014.08.02"]
[Round "7.5"]
[Result "1/2-1/2"]
[White "Anna Zatonskih"]
[Black "Lilit Mkrtchian"]
[WhiteElo "2466"]
[BlackElo "2453"]
[PlyCount "62"]

1. d4 Nf6 2. c4 e6 3. Nc3 Bb4 4. Qc2 d5 5. a3 Bxc3+ 6. Qxc3
Ne4 7. Qc2 c5 8. dxc5 Nc6 9. Nf3 Qa5+ 10. Bd2 Nxd2 11. Nxd2
Qxc5 12. e3 Bd7 13. b4 Qe7 14. Be2 dxc4 15. Nxc4 b5 16. Nb2
O-O 17. Nd3 a5 18. Rb1 axb4 19. axb4 Rfc8 20. Qd2 e5 21. O-O
Bf5 22. Rb2 Rd8 23. Qc3 Rac8 24. Nc5 Nxb4 25. Qxb4 Qxc5
26. Qxc5 Rxc5 27. Rxb5 Rxb5 28. Bxb5 Rb8 29. Bc4 Rb1 30. Rxb1
Bxb1 31. Kf1 Kf8 1/2-1/2

[Event "Chess Olympiad (Women)"]
[Site "Tromso NOR"]
[Date "2014.08.11"]
[EventDate "2014.08.02"]
[Round "9.10"]
[Result "0-1"]
[White "Tijana Blagojevic"]
[Black "Anna Zatonskih"]
[WhiteElo "2095"]
[BlackElo "2466"]
[PlyCount "128"]

1. e4 e6 2. d4 d5 3. Nd2 h6 4. e5 c5 5. dxc5 Nc6 6. Ngf3 Bxc5
7. Nb3 Bb6 8. c3 Bc7 9. Bf4 Nge7 10. Bd3 Ng6 11. Bxg6 fxg6
12. h4 Qe7 13. Nbd4 O-O 14. Bg3 Nxd4 15. Nxd4 Bd7 16. Qg4 Bb6
17. O-O Kh7 18. Rad1 Rac8 19. Rd3 a6 20. Bf4 Bb5 21. Nxb5 axb5
22. Rg3 Qf7 23. Be3 Rc4 24. Bd4 Bxd4 25. cxd4 Qf5 26. Qxf5
Rxf5 27. Rb3 b4 28. Rd1 Rf4 29. g3 Rfxd4 30. Rxd4 Rxd4 31. a3
g5 32. hxg5 hxg5 33. f3 g4 34. f4 g5 35. f5 exf5 36. axb4 Kg6
37. b5 f4 38. Rc3 Rc4 39. Ra3 Rc1+ 40. Kf2 Rc2+ 41. Kf1 Rxb2
42. Ra8 Rxb5 43. Rf8 Rb1+ 44. Kf2 Rb2+ 45. Kf1 f3 46. Rf6+ Kh5
47. Rd6 Rb5 48. Kf2 d4 49. e6 Re5 50. Rb6 d3 51. Rxb7 Rxe6
52. Rd7 Re2+ 53. Kf1 Rg2 54. Rxd3 Rxg3 55. Rd8 Rg2 56. Rh8+
Kg6 57. Rf8 Ra2 58. Kg1 Ra5 59. Kf2 Kg7 60. Rb8 Ra2+ 61. Kg1
g3 62. Rb1 Rg2+ 63. Kh1 Rh2+ 64. Kg1 f2+ 0-1

[Event "Chess Olympiad (Women)"]
[Site "Baku AZE"]
[Date "2016.09.06"]
[EventDate "2016.09.02"]
[Round "5.7"]
[Result "1-0"]
[White "Anna Zatonskih"]
[Black "Daiva Batyte"]
[WhiteElo "2449"]
[BlackElo "2189"]
[PlyCount "75"]

1. e4 e6 2. d4 d5 3. Nd2 c5 4. Ngf3 Nc6 5. exd5 exd5 6. Bb5
Bd6 7. dxc5 Bxc5 8. O-O Ne7 9. Nb3 Bb6 10. c3 O-O 11. Be2 Nf5
12. Bf4 f6 13. h3 Re8 14. Qc2 Be6 15. Bd3 g6 16. Rfe1 Rc8
17. Qd2 Qd7 18. Rad1 Rcd8 19. Qc2 Qf7 20. Bb5 a6 21. Ba4 Ba7
22. Nbd4 Ncxd4 23. Nxd4 Nxd4 24. cxd4 b5 25. Bb3 Rc8 26. Qd3
Bf5 27. Rxe8+ Rxe8 28. Qc3 g5 29. Bd6 Kh8 30. Qc6 Rd8 31. Qxa6
Qd7 32. Bc5 Bb8 33. Qxf6+ Kg8 34. Qxg5+ Kf7 35. Re1 Be6
36. Re3 Qc7 37. Qh5+ Kg8 38. Qg5+ 1-0

[Event "Chess Olympiad (Women)"]
[Site "Tromso NOR"]
[Date "2016.09.09"]
[EventDate "?"]
[Round "7.3"]
[Result "1/2-1/2"]
[White "Anna Zatonskih"]
[Black "Elena Luminita Radu Cosma"]
[WhiteElo "2449"]
[BlackElo "2331"]
[PlyCount "99"]

1. e4 e6 2. d4 d5 3. Nd2 c5 4. Ngf3 cxd4 5. exd5 exd5 6. Nxd4
Nc6 7. N2f3 Bd6 8. c3 Nge7 9. Bd3 Nxd4 10. Nxd4 O-O 11. Bg5 h6
12. Bh4 Qb6 13. O-O Nc6 14. Nxc6 bxc6 15. Qb3 Be6 16. Qxb6
axb6 17. a3 d4 18. cxd4 Ra4 19. Bg3 Bxg3 20. hxg3 Rxd4
21. Rfd1 Rfd8 22. Bc2 Rd2 23. Rac1 c5 24. Rxd2 Rxd2 25. b3 Kf8
26. Kf1 Ke7 27. Ke1 Rd6 28. f3 Bd5 29. Bd1 g5 30. b4 cxb4
31. axb4 Be6 32. Rc7+ Kf6 33. Be2 Rd4 34. b5 Rd6 35. Kf2 Bd7
36. Ke3 Ke7 37. Bd3 Kd8 38. Ra7 f5 39. Ra8+ Ke7 40. Rh8 Re6+
41. Kd4 Rd6+ 42. Kc3 f4 43. gxf4 gxf4 44. Rh7+ Kf8 45. Bc4 Be8
46. Rh8+ Ke7 47. Rh7+ Kf8 48. Rh8+ Ke7 49. Rh7+ Kf8 50. Rh8+
1/2-1/2

[Event "Chess Olympiad (Women)"]
[Site "Tromso NOR"]
[Date "2016.09.10"]
[EventDate "2016.09.02"]
[Round "8.1"]
[Result "1/2-1/2"]
[White "Natalia Pogonina"]
[Black "Anna Zatonskih"]
[WhiteElo "2484"]
[BlackElo "2449"]
[PlyCount "122"]

1. d4 Nf6 2. c4 e6 3. Nf3 b6 4. g3 Bb7 5. Bg2 Be7 6. O-O c6
7. Nc3 d5 8. b3 O-O 9. Bb2 Na6 10. Ne5 c5 11. cxd5 exd5 12. e3
Nc7 13. dxc5 bxc5 14. Qc2 Rb8 15. Rfd1 Bd6 16. Na4 Ne6 17. Nd3
Rc8 18. Be5 Bxe5 19. Nxe5 Qc7 20. Nf3 d4 21. exd4 Bxf3
22. Bxf3 Nxd4 23. Qd3 Nxf3+ 24. Qxf3 c4 25. b4 Rfd8 26. Nc5
Rxd1+ 27. Rxd1 Rd8 28. Rc1 Nd5 29. Rxc4 Nxb4 30. Qb7 Nd5
31. Qxc7 Nxc7 32. Nb7 Rd7 33. Ra4 Nb5 34. Nc5 Rc7 35. Na6 Rc1+
36. Kg2 g6 37. Ra5 Nc3 38. Nb4 Rb1 39. a3 Rb2 40. Rxa7 Nd1
41. Nd3 Rd2 42. Rd7 Nxf2 43. Ne5 Ra2 44. Nxf7 Ng4+ 45. Kh3
Nf2+ 46. Kh4 Rxa3 47. Nh6+ Kh8 48. Re7 Ra4+ 49. Kg5 Nh3+
50. Kf6 Ra6+ 51. Ke5 Ra5+ 52. Ke4 Rh5 53. Ng4 Rf5 54. Ke3 h5
55. Ne5 Rf6 56. Nf7+ Kg8 57. Ne5 Ng5 58. h4 Nh7 59. Nf3 Rf8
60. Nd4 Nf6 61. Kd3 Re8 1/2-1/2

[Event "Chess Olympiad (Women)"]
[Site "Tromso NOR"]
[Date "2016.09.12"]
[EventDate "2016.09.02"]
[Round "10.5"]
[Result "1/2-1/2"]
[White "Anna Zatonskih"]
[Black "Tuvshintugs Batchimeg"]
[WhiteElo "2449"]
[BlackElo "2391"]
[PlyCount "87"]

1. Nf3 Nf6 2. c4 g6 3. Nc3 Bg7 4. e4 d6 5. d4 O-O 6. h3 e5
7. d5 Na6 8. Be3 Ne8 9. a3 f5 10. b4 Nf6 11. Be2 Qe7 12. Nh2
Nb8 13. g4 a5 14. f3 c6 15. O-O Nbd7 16. dxc6 bxc6 17. Qd2 Bb7
18. Bd3 fxe4 19. fxe4 Kh8 20. Bg5 Qe6 21. Rae1 axb4 22. axb4
Nb6 23. c5 dxc5 24. bxc5 Nbd7 25. Be3 Qe7 26. g5 Nh5 27. Rxf8+
Rxf8 28. Ne2 Nf4 29. Nxf4 exf4 30. Bxf4 Nxc5 31. Bc2 Ne6
32. Be3 c5 33. Rf1 Nd4 34. Rxf8+ Qxf8 35. Bd3 Be5 36. Qf2
Qxf2+ 37. Bxf2 Bxh2+ 38. Kxh2 Nf3+ 39. Kg3 Nxg5 40. Bxc5 Nxe4+
41. Bxe4 Bxe4 42. Bd4+ Kg8 43. h4 Kf7 44. Bc3 1/2-1/2

[Event "Meurthe et Moselle Rapid"]
[Site "Nancy FRA"]
[Date "2017.02.19"]
[EventDate "2017.02.19"]
[Round "9.2"]
[Result "1-0"]
[White "Laurent Fressinet"]
[Black "Anna Zatonskih"]
[WhiteElo "2660"]
[BlackElo "2443"]
[PlyCount "88"]

1. Nf3 Nf6 2. c4 e6 3. g3 d5 4. Bg2 dxc4 5. Qa4+ Nbd7 6. Qxc4
a6 7. Qc2 c5 8. O-O Be7 9. Nc3 O-O 10. d4 cxd4 11. Nxd4 Nb6
12. Rd1 Qc7 13. Bd2 Rd8 14. Nf3 e5 15. Rac1 h6 16. Be3 Be6
17. Nxe5 Qxe5 18. Bxb6 Rxd1+ 19. Rxd1 Qh5 20. Bd4 Rb8 21. Bxf6
Bxf6 22. Nd5 Bxd5 23. Rxd5 Qg4 24. Bf3 Rc8 25. Rc5 Rxc5
26. Qxc5 Qd7 27. Qb6 Qb5 28. Qxb7 Bxb2 29. Qa8+ Kh7 30. Be4+
g6 31. Bd3 Qc5 32. Qxa6 Ba3 33. h4 Kg7 34. Qc4 Qd6 35. Qc3+
Kg8 36. Bc4 Bc5 37. Qf3 Qe7 38. a4 Bb6 39. Qc6 Qa7 40. Qxg6+
Kf8 41. Qxh6+ Ke7 42. Qg5+ Kf8 43. Qf5 Qc7 44. Qd3 Qc5 1-0

[Event "US Championship (Women)"]
[Site "St Louis, MO USA"]
[Date "2017.04.07"]
[EventDate "2017.03.29"]
[Round "9"]
[Result "1-0"]
[White "Anna Zatonskih"]
[Black "Maggie Feng"]
[WhiteElo "2451"]
[BlackElo "2162"]
[PlyCount "75"]

1. d4 d5 2. c4 dxc4 3. e4 c5 4. d5 Nf6 5. Nc3 b5 6. Bf4 Qa5
7. a4 Nxe4 8. Nge2 Nd6 9. axb5 Qb6 10. Ng3 Nd7 11. Bxd6 Qxd6
12. Bxc4 g6 13. Nge4 Qe5 14. O-O Bg7 15. Re1 O-O 16. Nxc5 Qd6
17. N3e4 Qb6 18. Nxd7 Bxd7 19. Ra6 Qd4 20. b3 Rfb8 21. Qxd4
Bxd4 22. d6 e6 23. Rd1 Bg7 24. Rc6 Rb6 25. Rc7 Rd8 26. Nc5
Bxb5 27. Nb7 Rf8 28. d7 Bf6 29. d8=Q Bxd8 30. Nxd8 Bxc4
31. bxc4 a5 32. c5 Ra6 33. Rdd7 a4 34. Nxf7 Rb8 35. Nh6+ Kf8
36. h3 a3 37. Rxh7 Ke8 38. Rh8# 1-0

[Event "Isle of Man Open"]
[Site "Douglas IMN"]
[Date "2017.09.23"]
[EventDate "2017.09.23"]
[Round "1.70"]
[Result "1-0"]
[White "Anna Zatonskih"]
[Black "Kantholi Rathnakaran"]
[WhiteElo "2424"]
[BlackElo "2326"]
[PlyCount "77"]

1. d4 Nf6 2. Nf3 c5 3. e3 g6 4. dxc5 Bg7 5. a3 Ne4 6. Qd5 f5
7. Nbd2 e6 8. Qc4 Nxd2 9. Nxd2 O-O 10. Be2 a5 11. Rb1 Nc6
12. b4 Ne5 13. Qb3 a4 14. Qa2 b6 15. Bb2 bxc5 16. Qa1 d6
17. f4 Bb7 18. O-O Bh6 19. bxc5 Ng4 20. Bxg4 fxg4 21. cxd6
Qxd6 22. Rf2 Qc6 23. Bd4 Rf7 24. Rb6 Qxc2 25. Nf3 Qf5 26. Ne5
Rc7 27. Qd1 Rac8 28. Nxg4 Bf8 29. Bb2 h5 30. Nf6+ Kf7 31. Nh7
Kg8 32. Nf6+ Kf7 33. Nh7 Kg8 34. Nxf8 Rxf8 35. Qd4 Kh7 36. h3
Qa5 37. Rb4 Bd5 38. Qe5 Ra7 39. Bd4 1-0

[Event "Isle of Man Open"]
[Site "Douglas IMN"]
[Date "2017.09.24"]
[EventDate "2017.09.23"]
[Round "2.15"]
[Result "1-0"]
[White "Nils Grandelius"]
[Black "Anna Zatonskih"]
[WhiteElo "2653"]
[BlackElo "2424"]
[PlyCount "59"]

1. e4 e5 2. Nf3 Nf6 3. Nxe5 d6 4. Nf3 Nxe4 5. d4 d5 6. Bd3 Nc6
7. O-O Bg4 8. c4 Nf6 9. Nc3 Be7 10. cxd5 Nxd5 11. h3 Be6
12. Re1 O-O 13. a3 Re8 14. Bc2 h6 15. Qd3 Nf6 16. Bxh6 gxh6
17. Rxe6 Qd7 18. Rae1 fxe6 19. Qg6+ Kf8 20. Qxh6+ Kg8 21. Ne5
Nxe5 22. dxe5 Bf8 23. Qxf6 Bg7 24. Qg6 Qd2 25. Re3 Re7 26. Ne4
Qc1+ 27. Kh2 Qxb2 28. Nf6+ Kf8 29. Nd7+ Rxd7 30. Rf3+ 1-0